[Event "9ème Open International de Rouen"]
[Site "Hôtel de Région - 76000 Rouen"]
[Date "2016.12.18"]
[Round "2.40"]
[White "Guignard, Jonathan"]
[Black "Lefebvre, Willy"]
[Result "1/2-1/2"]
[WhiteElo "1249"]
[BlackElo "1527"]
[PlyCount "66"]
[EventDate "2016.??.??"]

1. e4 c5 2. Nf3 Nc6 3. c4 e6 4. d4 cxd4 5. Nxd4 Nf6 6. Nc3 Bc5 7. Be3 Nxd4
8. Bxd4 Qb6 9. Bxc5 Qxc5 10. Be2 O-O 11. O-O b6 12. Qd3 Bb7 13. Rad1 Rfd8
14. Qd4 Qc6 15. f3 d6 16. Nb5 Ne8 17. e5 d5 18. cxd5 exd5 19. Rc1 Qd7 20. Rfd1
Rac8 21. Bc4 Rc5 22. b4 Rxb5 23. Bxb5 Qxb5 24. Rc2 Qd7 25. Rdc1 Rc8 26. Rxc8
Bxc8 27. Kf2 Nc7 28. Qc3 Qe7 29. Qxc7 Qh4+ 30. Kf1 Ba6+ 31. Kg1 h6 32. Qxa7
Qd4+ 33. Kh1 Bc4 1/2-1/2

[Event "9ème Open International de Rouen"]
[Site "Hôtel de Région - 76000 Rouen"]
[Date "2016.12.18"]
[Round "2.41"]
[White "Cassiau, Kevin"]
[Black "Demol, Sylvain"]
[Result "1-0"]
[WhiteElo "1509"]
[BlackElo "1250"]
[PlyCount "73"]
[EventDate "2016.??.??"]

1. e4 e5 2. Nf3 Nc6 3. Bc4 Nf6 4. d4 exd4 5. e5 d5 6. Bb5 Bd7 7. exf6 Qxf6
8. O-O Qd6 9. Re1+ Be6 10. Nxd4 Be7 11. Nxe6 fxe6 12. Qg4 Kd7 13. Bf4 h5
14. Qe2 Qxf4 15. Qxe6+ Kd8 16. Bxc6 bxc6 17. Qxe7+ Kc8 18. Nc3 Rf8 19. Qe2 Kb7
20. Nxd5 cxd5 21. Qb5+ Kc8 22. Re8+ Rxe8 23. Qxe8+ Kb7 24. Qb5+ Kc8 25. Re1 Qf7
26. Re8+ Qxe8 27. Qxe8+ Kb7 28. Qb5+ Kc8 29. Qxd5 Rb8 30. Qg8+ Kb7 31. Qxg7 Ka8
32. f4 a5 33. Qxc7 Rb7 34. Qxa5+ Ra7 35. Qxa7+ Kxa7 36. f5 Kb7 37. f6 1-0

[Event "9ème Open International de Rouen"]
[Site "Hôtel de Région - 76000 Rouen"]
[Date "2016.12.18"]
[Round "2.42"]
[White "Madon, Paul"]
[Black "Madon, Francis"]
[Result "0-1"]
[WhiteElo "1199"]
[BlackElo "1495"]
[PlyCount "80"]
[EventDate "2016.??.??"]

1. e4 c5 2. Bc4 e6 3. Nc3 Nc6 4. Nf3 d6 5. d3 Nf6 6. Ng5 h6 7. Nf3 Be7 8. Be3
O-O 9. Qc1 Ng4 10. Bd2 Nge5 11. Qd1 Nxf3+ 12. Qxf3 Ne5 13. Qh5 Kh7 14. O-O-O
Nd7 15. g4 Nf6 16. Qh3 e5 17. g5 Bxh3 18. gxh6 g6 19. Rhg1 Be6 20. Bxe6 fxe6
21. Rg2 Nh5 22. Ne2 Nf4 23. Nxf4 exf4 24. Rdg1 Qe8 25. Rg4 e5 26. h4 Rg8 27. h5
g5 28. Rh1 a5 29. f3 b5 30. c4 Qf7 31. b3 a4 32. b4 bxc4 33. d4 c3 34. Bxc3
Qxa2 35. dxe5 cxb4 36. Bxb4 Rac8+ 37. Kd1 Qa1+ 38. Ke2 Qxh1 39. exd6 Qh2+
40. Kd3 Qc2+ 0-1

[Event "9ème Open International de Rouen"]
[Site "Hôtel de Région - 76000 Rouen"]
[Date "2016.12.18"]
[Round "2.43"]
[White "Grignoux, Yannick"]
[Black "Nguyen, Tristan"]
[Result "1-0"]
[WhiteElo "1481"]
[BlackElo "1199"]
[PlyCount "115"]
[EventDate "2016.??.??"]

1. d4 d5 2. Bf4 e6 3. e3 Nf6 4. a3 Be7 5. Bd3 Nbd7 6. Nc3 a6 7. h3 O-O 8. Nf3
b5 9. Nh2 Bd6 10. Ng4 Qe7 11. Bg5 Bb7 12. Ne2 Qd8 13. Ng3 Be7 14. c3 Qe8
15. Qc2 Kh8 16. Qe2 Bd8 17. Bc2 Rc8 18. Qd3 Ne4 19. Bxd8 Qxd8 20. f3 Nef6
21. b4 Re8 22. O-O-O Nf8 23. Ne5 Qe7 24. Rde1 N6d7 25. Ng4 Ra8 26. h4 Bc6
27. h5 h6 28. Ne2 a5 29. Kd2 axb4 30. cxb4 Ra7 31. Ra1 Rea8 32. Qc3 Qd6 33. Nf4
Ra6 34. Nd3 Bb7 35. Nde5 Nxe5 36. Nxe5 Nd7 37. Nxf7+ Kg8 38. Nxd6 Rxd6 39. Qxc7
Rc6 40. Qxb7 Rac8 41. Rac1 Nf6 42. Rh3 Kh8 43. g4 R6c7 44. Qxb5 Rc3 45. g5 hxg5
46. h6 gxh6 47. Rxh6+ Kg7 48. Rg6+ Kf7 49. Rxg5 R8c7 50. Bg6+ Ke7 51. Rxc3 Rxc3
52. Kxc3 Nd7 53. Bh5 Nf6 54. Qc5+ Kd8 55. Qd6+ Kc8 56. Rg7 Ne4+ 57. fxe4 e5
58. Qc7# 1-0

[Event "9ème Open International de Rouen"]
[Site "Hôtel de Région - 76000 Rouen"]
[Date "2016.12.18"]
[Round "2.44"]
[White "Garcia, Mael"]
[Black "Zinoun, Said"]
[Result "0-1"]
[WhiteElo "1182"]
[BlackElo "1458"]
[PlyCount "116"]
[EventDate "2016.??.??"]

1. c4 Nf6 2. Nc3 c5 3. g3 Nc6 4. Bg2 g6 5. e3 Bg7 6. Nge2 O-O 7. O-O d6 8. b3
Bg4 9. a3 Rb8 10. Rb1 Ne5 11. f3 Bd7 12. b4 Nxc4 13. d3 Nb6 14. e4 Qc8 15. Be3
Bh3 16. Kh1 Bxg2+ 17. Kxg2 c4 18. Rc1 Qd7 19. Bxb6 axb6 20. dxc4 h5 21. h4 Bh6
22. Rc2 Rfc8 23. Nd5 Nxd5 24. Qxd5 Qc6 25. Qxc6 bxc6 26. c5 bxc5 27. bxc5 Bg7
28. cxd6 exd6 29. Rd1 Bf8 30. a4 Ra8 31. Ra1 Kg7 32. Nd4 c5 33. Nb5 Kf6 34. Rd2
Ke6 35. a5 Ra6 36. f4 c4 37. Rc2 Bg7 38. Ra4 Rc5 39. Nc3 Rcxa5 40. Rxa5 Rxa5
41. Nd5 Rc5 42. Nb6 c3 43. Nd5 Rxd5 44. exd5+ Kxd5 45. Kf2 Kc4 46. Ke2 Kb3
47. Kd3 d5 48. Rc1 d4 49. Rc2 Bf8 50. Re2 Ba3 51. Rg2 Bc1 52. Rc2 Bd2 53. Rxd2
cxd2 54. Kxd2 Kc4 55. Kc2 d3+ 56. Kd2 Kd4 57. Ke1 Ke3 58. Kd1 d2 0-1

[Event "9ème Open International de Rouen"]
[Site "Hôtel de Région - 76000 Rouen"]
[Date "2016.12.18"]
[Round "2.45"]
[White "Rocher, Elian"]
[Black "Madon, Clement"]
[Result "1-0"]
[WhiteElo "1450"]
[BlackElo "1168"]
[PlyCount "107"]
[EventDate "2016.??.??"]

1. e4 c5 2. Nf3 Nc6 3. d4 cxd4 4. Nxd4 e5 5. Nf3 Nf6 6. Nc3 Be7 7. a3 O-O
8. Bc4 a6 9. O-O d6 10. h3 b5 11. Bb3 Bb7 12. Qe2 Rc8 13. Nd5 Nxd5 14. Bxd5 Qc7
15. Be3 Nd8 16. Bxb7 Nxb7 17. Rac1 Nc5 18. Bxc5 Qxc5 19. Rfd1 Rfd8 20. Rd5 Qb6
21. c3 Rc5 22. Rcd1 Rxd5 23. Rxd5 Rc8 24. Qd3 h6 25. Kf1 Rc6 26. Ke2 g6 27. Qe3
Qxe3+ 28. Kxe3 Kg7 29. g3 g5 30. g4 f6 31. Nd2 Kf7 32. Nf1 Ke6 33. Ng3 Rc5
34. Nf5 Bf8 35. Rxc5 dxc5 36. c4 bxc4 37. Kd2 Kd7 38. Kc3 Kc6 39. Kxc4 a5
40. Ne3 Be7 41. Nd5 Bd8 42. f3 Bb6 43. Nxf6 Bd8 44. Ng8 a4 45. Nxh6 Kb6 46. Nf7
Bf6 47. Kd5 Kb5 48. Nd6+ Ka5 49. Kxc5 Be7 50. Kc6 Ka6 51. Nc4 Ka7 52. Kb5 Kb7
53. Kxa4 Ka6 54. b3 1-0

[Event "9ème Open International de Rouen"]
[Site "Hôtel de Région - 76000 Rouen"]
[Date "2016.12.18"]
[Round "2.46"]
[White "Panier, Yves"]
[Black "Benassis, Nicola-Henri"]
[Result "0-1"]
[WhiteElo "1160"]
[BlackElo "1448"]
[PlyCount "90"]
[EventDate "2016.??.??"]

1. d4 Nf6 2. Nf3 e6 3. e3 b6 4. Bd3 Nc6 5. c3 d5 6. Nbd2 Bb7 7. e4 dxe4
8. Nxe4 Na5 9. Qe2 Be7 10. O-O Rc8 11. b4 Nc6 12. Bf4 O-O 13. Rfe1 Bd6 14. Bg3
Nd5 15. Rac1 Qd7 16. Ne5 Nxe5 17. dxe5 Be7 18. f4 c5 19. a3 cxb4 20. axb4 Rc7
21. Rc2 Rfc8 22. Rec1 f5 23. exf6 Bxf6 24. Nxf6+ gxf6 25. f5 e5 26. c4 Nxb4
27. Rc3 Nxd3 28. Rxd3 Qf7 29. Rdc3 Ba6 30. Qg4+ Kh8 31. c5 Rxc5 32. Rxc5 Rxc5
33. Rxc5 bxc5 34. Bf2 c4 35. Qe4 Bb7 36. Qe3 Qd5 37. Qf3 Qxf3 38. gxf3 Bxf3
39. Kf1 a5 40. Ke1 c3 41. Be3 a4 42. Bc1 Kg7 43. Kf2 Be4 44. Kg3 Bxf5 45. h4
Kg6 0-1

[Event "9ème Open International de Rouen"]
[Site "Hôtel de Région - 76000 Rouen"]
[Date "2016.12.18"]
[Round "3.1"]
[White "Daniel, Antoine"]
[Black "Shchekachev, Andrei"]
[Result "0-1"]
[WhiteElo "1983"]
[BlackElo "2554"]
[PlyCount "56"]
[EventDate "2016.??.??"]

1. e4 c5 2. Nc3 a6 3. g3 b5 4. Bg2 Bb7 5. Nf3 e6 6. d3 d6 7. O-O Nd7 8. Ne2
Ngf6 9. h3 Qc7 10. a4 b4 11. c4 bxc3 12. Nxc3 Be7 13. Ne1 Ne5 14. f4 Nc6
15. Nc2 O-O 16. Be3 Rac8 17. g4 Nd7 18. g5 Rfe8 19. Qg4 Bf8 20. h4 Nb4 21. Nxb4
cxb4 22. Ne2 Nc5 23. Rac1 Qd7 24. Rxc5 dxc5 25. d4 cxd4 26. Nxd4 Bc5 27. Rd1
Red8 28. h5 e5 0-1

[Event "9ème Open International de Rouen"]
[Site "Hôtel de Région - 76000 Rouen"]
[Date "2016.12.18"]
[Round "3.2"]
[White "Le Roux, Jean-Pierre"]
[Black "Ruch, Bernard"]
[Result "1-0"]
[WhiteElo "2552"]
[BlackElo "1934"]
[PlyCount "39"]
[EventDate "2016.??.??"]

1. c4 c6 2. e4 d6 3. d4 Qc7 4. g3 e5 5. Bg2 Be7 6. Ne2 Nf6 7. Nbc3 Nbd7 8. h3
a6 9. O-O b5 10. b3 b4 11. Na4 Nb6 12. Nxb6 Qxb6 13. c5 Qc7 14. cxd6 Bxd6
15. f4 exd4 16. e5 Bc5 17. exf6 O-O 18. Kh2 gxf6 19. Bb2 Bf5 20. Rc1 1-0

[Event "9ème Open International de Rouen"]
[Site "Hôtel de Région - 76000 Rouen"]
[Date "2016.12.18"]
[Round "3.3"]
[White "Hameau, Cyril"]
[Black "Loiseau, Quentin"]
[Result "0-1"]
[WhiteElo "1879"]
[BlackElo "2440"]
[PlyCount "56"]
[EventDate "2016.??.??"]

1. e4 c5 2. d4 cxd4 3. c3 dxc3 4. Nxc3 Nc6 5. Nf3 e6 6. Bc4 a6 7. O-O b5 8. Bb3
Bb7 9. Bf4 Nge7 10. Bg5 Qb8 11. Re1 Ng6 12. Nd5 Bc5 13. Rc1 Ba7 14. h4 h6 15.
Bd2 O-O 16. h5 Nge5 17. Nxe5 Qxe5 18. Bc3 Qg5 19. Bd2 Qh4 20. Ne3 Ne5 21. Bc3
Qg5 22. Bc2 Rac8 23. Kf1 Rxc3 24. bxc3 Rc8 25. Bb1 f5 26. Qe2 f4 27. Qd2 fxe3
28. fxe3 Rf8+ 0-1

[Event "9ème Open International de Rouen"]
[Site "Hôtel de Région - 76000 Rouen"]
[Date "2016.12.18"]
[Round "3.5"]
[White "Bordais, Dominique"]
[Black "Legky, Nikolay A"]
[Result "0-1"]
[WhiteElo "1876"]
[BlackElo "2425"]
[PlyCount "60"]
[EventDate "2016.??.??"]

1. e4 Nf6 2. e5 Nd5 3. c4 Nb6 4. c5 Nd5 5. Nc3 e6 6. d4 b6 7. cxb6 axb6 8. Nf3
Be7 9. Bd3 Ba6 10. O-O Nxc3 11. bxc3 Bxd3 12. Qxd3 d5 13. a4 Qd7 14. Bg5 Bxg5
15. Nxg5 h6 16. Nf3 Rxa4 17. Rae1 Nc6 18. Nd2 Ne7 19. f4 h5 20. Qh3 g6 21. Nf3
Nf5 22. g4 Nh6 23. g5 Nf5 24. Nh4 Ne7 25. Qd3 Qc6 26. Ra1 Kd7 27. Rxa4 Qxa4
28. Rb1 Ra8 29. Kf2 Qc4 30. Ke3 Ra2 0-1

[Event "9ème Open International de Rouen"]
[Site "Hôtel de Région - 76000 Rouen"]
[Date "2016.12.18"]
[Round "3.6"]
[White "Neiman, Emmanuel"]
[Black "Veniat, Nicolas"]
[Result "1-0"]
[WhiteElo "2274"]
[BlackElo "1847"]
[PlyCount "59"]
[EventDate "2016.??.??"]

1. Nf3 Nf6 2. g3 d5 3. Bg2 c5 4. O-O Nc6 5. d3 e5 6. c4 d4 7. b4 cxb4 8. a3
Bd7 9. Nbd2 bxa3 10. Bxa3 Bxa3 11. Rxa3 O-O 12. Qb3 Qc8 13. Rb1 Rb8 14. Qc2 Re8
15. Ng5 h6 16. Nge4 Nxe4 17. Nxe4 Qc7 18. c5 a5 19. Rb6 Nb4 20. Qc4 Be6 21. Qb5
Nd5 22. Nd6 Re7 23. Bxd5 Bxd5 24. Rxa5 Rd7 25. Ra7 g6 26. e4 Bc6 27. Rxc6 bxc6
28. Rxc7 cxb5 29. Rxd7 b4 30. c6 1-0

[Event "9ème Open International de Rouen"]
[Site "Hôtel de Région - 76000 Rouen"]
[Date "2016.12.18"]
[Round "3.7"]
[White "Mignot, Enzo"]
[Black "Bordais, Benjamin"]
[Result "1/2-1/2"]
[WhiteElo "1869"]
[BlackElo "2119"]
[PlyCount "58"]
[EventDate "2016.??.??"]

1. d4 d5 2. Nf3 Nf6 3. Bf4 Bg4 4. e3 e6 5. c4 dxc4 6. Bxc4 Bd6 7. Bg3 O-O
8. Nbd2 Nbd7 9. Rc1 Qe7 10. Qb3 Rab8 11. Bd3 c6 12. a3 h6 13. Nc4 Bxg3 14. hxg3
Bxf3 15. gxf3 e5 16. Nxe5 Nxe5 17. dxe5 Qxe5 18. Kf1 Rfd8 19. Kg2 Nd7 20. Bc4
Qf6 21. Rh4 Ne5 22. Rf4 Qg6 23. Re4 Nxc4 24. Rcxc4 Qd6 25. Rcd4 Qc7 26. Qc3
Rxd4 27. Rxd4 Rd8 28. Rg4 g6 29. Qc4 Kg7 1/2-1/2

[Event "9ème Open International de Rouen"]
[Site "Hôtel de Région - 76000 Rouen"]
[Date "2016.12.18"]
[Round "3.8"]
[White "Albaric, Etienne"]
[Black "Herault, Theotime"]
[Result "1-0"]
[WhiteElo "2098"]
[BlackElo "1772"]
[PlyCount "41"]
[EventDate "2016.??.??"]

1. e4 Nf6 2. e5 Nd5 3. Nc3 Nxc3 4. bxc3 d6 5. f4 g6 6. Nf3 Bg7 7. d4 O-O
8. Bd3 c5 9. O-O dxe5 10. dxe5 Qa5 11. Qe1 e6 12. Ng5 Nc6 13. Ne4 Ne7 14. Be3
b6 15. Bd2 f6 16. exf6 Bxf6 17. Nxf6+ Rxf6 18. c4 Qa4 19. Bc3 Rf7 20. Qe5 Kf8
21. Be4 1-0

[Event "9ème Open International de Rouen"]
[Site "Hôtel de Région - 76000 Rouen"]
[Date "2016.12.18"]
[Round "3.9"]
[White "Leleu, Andre"]
[Black "Le Bourhis, Dominique"]
[Result "0-1"]
[WhiteElo "1848"]
[BlackElo "2065"]
[PlyCount "96"]
[EventDate "2016.??.??"]

1. c4 e6 2. g3 Nf6 3. Bg2 d5 4. Nf3 c6 5. b3 Nbd7 6. Bb2 Bd6 7. d4 O-O 8. O-O
Re8 9. Nbd2 b5 10. Qc2 Bb7 11. e4 dxe4 12. Ng5 bxc4 13. bxc4 c5 14. Ngxe4 Nxe4
15. Nxe4 Be7 16. dxc5 Nxc5 17. Qc3 f6 18. Nxc5 Bxg2 19. Nxe6 Qd7 20. Nxg7 Qh3
21. Nh5 Bxf1 22. Nf4 Qf5 23. Rxf1 Rac8 24. Rd1 Red8 25. Nd5 Kf7 26. Rd4 Bd6
27. Qd3 Qxd3 28. Rxd3 Be5 29. Bxe5 fxe5 30. Rf3+ Kg7 31. Ne3 Rd2 32. a3 Kg6
33. Rf5 Rc5 34. h4 Ra2 35. h5+ Kg7 36. g4 Rxa3 37. g5 Ra6 38. Rf3 e4 39. Nf5+
Kh8 40. Rf4 Raa5 41. Ng3 Rxg5 42. h6 Kg8 43. Rxe4 Rae5 44. Rd4 Re8 45. Rd7 Ra8
46. Kh2 a5 47. Rd1 a4 48. Rc1 a3 0-1

[Event "9ème Open International de Rouen"]
[Site "Hôtel de Région - 76000 Rouen"]
[Date "2016.12.18"]
[Round "3.10"]
[White "Garcia, Adrien"]
[Black "Piassale, Nils"]
[Result "1-0"]
[WhiteElo "2011"]
[BlackElo "1722"]
[PlyCount "83"]
[EventDate "2016.??.??"]

1. Nc3 d5 2. d4 Nf6 3. Nf3 c5 4. Bf4 Nc6 5. e3 a6 6. dxc5 Bg4 7. Be2 e6 8. Na4
Ne4 9. O-O Nxc5 10. Nc3 Be7 11. h3 Bh5 12. Ne5 Bxe2 13. Qxe2 Nxe5 14. Bxe5 f6
15. Bh2 O-O 16. Rfd1 Qb6 17. Rab1 Rad8 18. b4 Nd7 19. b5 Qa5 20. Qd2 Bb4
21. Bc7 Qxc7 22. Rxb4 a5 23. Rh4 b6 24. Ne2 Ne5 25. Nd4 Rfe8 26. f4 Nc4 27. Qe2
Qc5 28. f5 e5 29. Ne6 Qxe3+ 30. Qxe3 Nxe3 31. Rd3 Nxf5 32. Nxd8 Nxh4 33. Rxd5
Nf5 34. Kf2 Nd4 35. c4 Kf8 36. c5 Ke7 37. Nb7 Rb8 38. c6 Ne6 39. Rd7+ Ke8
40. Nd6+ Kf8 41. Rf7+ Kg8 42. Re7 1-0

[Event "9ème Open International de Rouen"]
[Site "Hôtel de Région - 76000 Rouen"]
[Date "2016.12.18"]
[Round "3.11"]
[White "Pineau, Jean-Jacques"]
[Black "Adyel, Samir"]
[Result "1-0"]
[WhiteElo "1779"]
[BlackElo "2076"]
[PlyCount "69"]
[EventDate "2016.??.??"]

1. e4 c6 2. d4 d5 3. e5 Bf5 4. Ne2 e6 5. Ng3 Bg6 6. h4 h6 7. h5 Bh7 8. Bd3
Bxd3 9. Qxd3 Qa5+ 10. Bd2 Qa6 11. Qe3 Nd7 12. Nc3 c5 13. Nce2 cxd4 14. Nxd4 Bc5
15. c3 Ne7 16. a4 Nc6 17. f4 Na5 18. b4 Nc4 19. Qe2 Bxd4 20. cxd4 Qb6 21. Qd3
Rc8 22. Rc1 O-O 23. O-O Nb2 24. Qe3 Rc4 25. a5 Qc6 26. f5 Rxc1 27. Bxc1 Nc4
28. Qf4 exf5 29. Nxf5 Kh8 30. Qg4 g5 31. hxg6 Qxg6 32. Qh3 h5 33. Ne7 Qg4
34. Qxg4 hxg4 35. e6 1-0

[Event "9ème Open International de Rouen"]
[Site "Hôtel de Région - 76000 Rouen"]
[Date "2016.12.18"]
[Round "3.12"]
[White "Martine, Jean-Christophe"]
[Black "Leduc, Jean-Philippe"]
[Result "1-0"]
[WhiteElo "2075"]
[BlackElo "1850"]
[PlyCount "75"]
[EventDate "2016.??.??"]

1. d4 Nf6 2. Nd2 d5 3. Ngf3 g6 4. e3 Bg7 5. Be2 O-O 6. O-O c5 7. c3 Nc6 8. Re1
Re8 9. dxc5 e5 10. Bb5 Bg4 11. Qa4 Bd7 12. Qd1 Qe7 13. b4 Rad8 14. a4 a6
15. Be2 Bg4 16. b5 Nb8 17. Ba3 Ne4 18. Nxe4 dxe4 19. Nd2 Bc8 20. Qc2 f5 21. Nc4
Kh8 22. Nd6 Rg8 23. Bc4 Rgf8 24. Red1 Be6 25. Bxe6 Qxe6 26. Nxb7 Rxd1+ 27. Rxd1
axb5 28. axb5 Qe7 29. Nd6 Qc7 30. c6 f4 31. Nxe4 Re8 32. Bd6 Qa7 33. Bc5 Qc7
34. Qd3 fxe3 35. Bxe3 Bf8 36. Qd5 h6 37. Bc5 Bxc5 38. Qxc5 1-0

[Event "9ème Open International de Rouen"]
[Site "Hôtel de Région - 76000 Rouen"]
[Date "2016.12.18"]
[Round "3.13"]
[White "Roussel, Maxime"]
[Black "Chavane, Thibaut"]
[Result "0-1"]
[WhiteElo "1587"]
[BlackElo "1792"]
[PlyCount "60"]
[EventDate "2016.??.??"]

1. d4 c5 2. c3 e6 3. Nf3 d5 4. e3 Nc6 5. Bd3 Nf6 6. Nbd2 Qc7 7. e4 dxe4
8. Nxe4 Nxe4 9. Bxe4 cxd4 10. Nxd4 a6 11. Qa4 Bd7 12. Nxc6 bxc6 13. O-O Bd6
14. g3 O-O 15. Qc2 f5 16. Bd3 c5 17. Qe2 Qc6 18. Bc4 Rfe8 19. Be3 Kh8 20. Rad1
Bc8 21. f4 Bb7 22. Kf2 Be7 23. Rd2 Rad8 24. Rfd1 Qg2+ 25. Ke1 Qh1+ 26. Qf1 Rxd2
27. Rxd2 Qe4 28. Qd3 Qh1+ 29. Ke2 Bg2 30. Bf2 Bf1+ 0-1

[Event "9ème Open International de Rouen"]
[Site "Hôtel de Région - 76000 Rouen"]
[Date "2016.12.18"]
[Round "3.14"]
[White "Blondel, Jerome"]
[Black "Serano, Vincent"]
[Result "1-0"]
[WhiteElo "1963"]
[BlackElo "1705"]
[PlyCount "74"]
[EventDate "2016.??.??"]

1. c4 e5 2. Nc3 Nf6 3. g3 c6 4. Nf3 d6 5. d3 Be7 6. Bg2 O-O 7. O-O Nbd7 8. e4
Nc5 9. b4 Ne6 10. Bb2 Qc7 11. Rc1 Rd8 12. Nd5 Qd7 13. Nxe7+ Qxe7 14. Qc2 Nf8
15. c5 Ng6 16. Rcd1 Bg4 17. a3 Nh5 18. h3 Bxf3 19. Bxf3 Nhf4 20. gxf4 Nxf4
21. Kh2 Qh4 22. Bg2 Nxg2 23. Kxg2 Qg5+ 24. Kh1 Qh5 25. f4 dxc5 26. bxc5 Rd7
27. Qg2 Rad8 28. Bxe5 Qh6 29. Bd6 f6 30. Kh2 b6 31. Qa2+ Kh8 32. d4 Rxd6
33. cxd6 Rxd6 34. Qf7 Rd8 35. Qxa7 Qh5 36. Rd2 Re8 37. e5 f5 1-0

[Event "9ème Open International de Rouen"]
[Site "Hôtel de Région - 76000 Rouen"]
[Date "2016.12.18"]
[Round "3.15"]
[White "Schmitt, Matthieu"]
[Black "Dubois, Benjamin"]
[Result "1-0"]
[WhiteElo "1928"]
[BlackElo "1666"]
[PlyCount "43"]
[EventDate "2016.??.??"]

1. b4 d6 2. Bb2 Nf6 3. c4 Nbd7 4. Nf3 e5 5. d3 Be7 6. Nbd2 O-O 7. g3 c6 8. Bg2
Qc7 9. O-O d5 10. a3 d4 11. c5 Nd5 12. Nc4 b5 13. cxb6 axb6 14. Rc1 Bb7 15. Qb3
c5 16. bxc5 Bxc5 17. Ng5 Rab8 18. Rc2 b5 19. Nd2 N5f6 20. Nge4 Bd5 21. Nxf6+
Nxf6 22. Bxd5 1-0

[Event "9ème Open International de Rouen"]
[Site "Hôtel de Région - 76000 Rouen"]
[Date "2016.12.18"]
[Round "3.16"]
[White "Delaruelle, Christian"]
[Black "Heckly, Jean-Louis"]
[Result "1/2-1/2"]
[WhiteElo "1840"]
[BlackElo "1606"]
[PlyCount "135"]
[EventDate "2016.??.??"]

1. e4 e5 2. f4 exf4 3. Nf3 Be7 4. Bc4 Nf6 5. Nc3 Nxe4 6. Bxf7+ Kxf7 7. Ne5+
Kg8 8. Nxe4 d5 9. Qf3 Be6 10. Nc3 Nc6 11. Nxc6 bxc6 12. d4 Qd7 13. O-O g5
14. Bd2 Bf6 15. Qf2 Kg7 16. Na4 Bf5 17. Nc5 Qf7 18. g3 Bh3 19. Rfe1 Rhe8 20. c3
Rxe1+ 21. Rxe1 Re8 22. Rxe8 Qxe8 23. gxf4 g4 24. f5 Qb8 25. Qe2 Qc8 26. Ne6+
Kf7 27. Qd3 Qg8 28. Qg3 Qb8 29. Qxc7+ Qxc7 30. Nxc7 Bh4 31. Ne6 Kf6 32. Nd8
Kxf5 33. Nxc6 Ke4 34. Ne5 g3 35. hxg3 Bxg3 36. Nc6 Kd3 37. Bh6 Ke2 38. Ne5 Kd1
39. c4 dxc4 40. Nxc4 Ke2 41. d5 Bf2+ 42. Kh2 Bf5 43. d6 Bd4 44. b3 Kd3 45. Kg3
Be6 46. Bg5 Ke4 47. Bf4 Bf6 48. Nd2+ Kd5 49. Nf3 Kc6 50. Bg5 Bxg5 51. Nxg5 Bf5
52. Kf4 Bb1 53. Ke5 Kd7 54. Kd5 Bxa2 55. Nxh7 Bxb3+ 56. Kc5 Ba4 57. Nf6+ Kd8
58. Ne4 Kd7 59. Nf6+ Ke6 60. Nd5 Kd7 61. Nb4 Kd8 62. Nd5 Bd7 63. Nb4 a5 64. Nd5
a4 65. Kb4 Bc6 66. Nb6 Ke8 67. Nxa4 Bxa4 68. d7+ 1/2-1/2

[Event "9ème Open International de Rouen"]
[Site "Hôtel de Région - 76000 Rouen"]
[Date "2016.12.18"]
[Round "3.17"]
[White "Dunand, Damien"]
[Black "Andrieu, Philippe"]
[Result "0-1"]
[WhiteElo "1650"]
[BlackElo "1831"]
[PlyCount "76"]
[EventDate "2016.??.??"]

1. c4 e5 2. g3 Nf6 3. Bg2 Bc5 4. e3 O-O 5. Ne2 c6 6. O-O d6 7. d4 exd4 8. exd4
Bb6 9. Be3 Bg4 10. Nbc3 Re8 11. Qd3 Nbd7 12. b4 Rb8 13. Nf4 Nf8 14. h3 Bd7
15. c5 Bc7 16. d5 Qc8 17. cxd6 Bb6 18. dxc6 bxc6 19. Bc5 g5 20. Qd4 Bd8 21. Nd3
Ne6 22. Qe3 Nf4 23. Qd2 Ne6 24. Kh2 h6 25. Rfe1 Bb6 26. a3 Qd8 27. Ne5 Nxc5
28. bxc5 Bxc5 29. Bxc6 Qc8 30. Nxd7 Nxd7 31. Rxe8+ Qxe8 32. Re1 Qc8 33. Nd5 Kf8
34. Nc7 Nf6 35. Qc3 Qf5 36. Na6 Qxf2+ 37. Kh1 Rb2 38. Re8+ Kg7 0-1

[Event "9ème Open International de Rouen"]
[Site "Hôtel de Région - 76000 Rouen"]
[Date "2016.12.18"]
[Round "3.18"]
[White "Fontaine, Olivier"]
[Black "Bureau-Leroyer, Lola"]
[Result "0-1"]
[WhiteElo "1826"]
[BlackElo "1595"]
[PlyCount "80"]
[EventDate "2016.??.??"]

1. d4 Nf6 2. Bg5 e6 3. e3 Be7 4. Bd3 d6 5. c4 Nbd7 6. Nc3 e5 7. Nge2 h6 8. Bh4
Nb6 9. O-O Be6 10. d5 Bd7 11. Bg3 Nh5 12. a4 Bh4 13. Bxh4 Qxh4 14. g3 Qg5
15. a5 Nc8 16. Ne4 Qe7 17. N2c3 Nf6 18. Nxf6+ Qxf6 19. f4 h5 20. Ne4 Qh6 21. h4
Ne7 22. Ng5 Bf5 23. Nxf7 Qg6 24. Bxf5 Qxg3+ 25. Kh1 Nxf5 26. Qf3 Rf8 27. Ng5
Qxh4+ 28. Kg2 Qxg5+ 29. fxg5 Nh4+ 30. Kg3 Nxf3 31. Rxf3 Rxf3+ 32. Kxf3 Kf7
33. Ke4 Kg6 34. Rf1 h4 35. b4 h3 36. Rh1 Rh8 37. Rh2 Kxg5 38. Kf3 Kh4 39. c5
Rf8+ 40. Ke4 Kg3 0-1

[Event "9ème Open International de Rouen"]
[Site "Hôtel de Région - 76000 Rouen"]
[Date "2016.12.18"]
[Round "3.19"]
[White "Martine, Valentin"]
[Black "Naji, Nil"]
[Result "1/2-1/2"]
[WhiteElo "1619"]
[BlackElo "1825"]
[PlyCount "75"]
[EventDate "2016.??.??"]

1. c4 e5 2. Nc3 Nc6 3. g3 Bc5 4. Bg2 d6 5. d3 a6 6. Bd2 Ba7 7. Nf3 Bg4 8. O-O
Qd7 9. Nd5 Nce7 10. Nxe7 Nxe7 11. Re1 Bh3 12. Bh1 h5 13. Ng5 Bg4 14. Bxb7 Rb8
15. Bf3 f6 16. Ne4 h4 17. e3 Bxf3 18. Qxf3 f5 19. Ng5 hxg3 20. hxg3 Ng6 21. d4
e4 22. Nxe4 fxe4 23. Qxe4+ Ne7 24. b3 Qh3 25. Qg2 Kd7 26. Bc3 d5 27. Rab1 g5
28. g4 Rh4 29. Qxh3 Rxh3 30. Kg2 Rbh8 31. Rh1 Rxh1 32. Rxh1 Rxh1 33. Kxh1 c6
34. Kg2 Ng6 35. f3 Ke6 36. a4 Bb8 37. Be1 Bc7 38. Kh3 1/2-1/2

[Event "9ème Open International de Rouen"]
[Site "Hôtel de Région - 76000 Rouen"]
[Date "2016.12.18"]
[Round "3.20"]
[White "Pinchon, Henri"]
[Black "Bat, Bilguun"]
[Result "1-0"]
[WhiteElo "1819"]
[BlackElo "1563"]
[PlyCount "129"]
[EventDate "2016.??.??"]

1. e4 c5 2. Nf3 d6 3. c3 Nf6 4. Qc2 Bd7 5. d3 Nc6 6. Be2 e6 7. Bg5 Be7 8. Nbd2
Rc8 9. O-O b5 10. Rfe1 Qc7 11. h3 O-O 12. Rac1 a5 13. Qb1 Qb7 14. Nf1 b4
15. Bd2 Rfd8 16. Ng3 h6 17. Bd1 Na7 18. e5 Ne8 19. exd6 Nxd6 20. Ne5 Bb5
21. Bf3 Qa6 22. Be3 Ne8 23. c4 Bc6 24. Nxc6 Nxc6 25. Ne4 Nd4 26. Bd1 a4
27. Bxd4 Rxd4 28. Qc2 Nf6 29. Bf3 Rcd8 30. Rcd1 Nd7 31. Ng3 a3 32. Nf5 exf5
33. Rxe7 Qd6 34. Ree1 Ne5 35. Bd5 axb2 36. Re3 f4 37. Re4 g5 38. Rxd4 cxd4
39. Qxb2 Qc5 40. Qe2 Nd7 41. Qh5 Qf8 42. Qg6+ Qg7 43. Qd6 Qf8 44. Qc7 Nf6
45. Bxf7+ Kh8 46. Bg6 Rd7 47. Qe5 Qe7 48. Re1 Qxe5 49. Rxe5 Ra7 50. Rb5 Kg7
51. Bf5 Ne8 52. Rxb4 Nd6 53. Bg4 Rxa2 54. c5 Nf7 55. Rxd4 Ne5 56. Rd5 Ra1+
57. Kh2 Nxg4+ 58. hxg4 Ra8 59. f3 Ra7 60. c6 Kf7 61. d4 Ke6 62. Rd8 Kf7 63. d5
Rc7 64. g3 fxg3+ 65. Kxg3 1-0

[Event "9ème Open International de Rouen"]
[Site "Hôtel de Région - 76000 Rouen"]
[Date "2016.12.18"]
[Round "3.21"]
[White "Blasco, David"]
[Black "Mergen, Bat"]
[Result "0-1"]
[WhiteElo "1596"]
[BlackElo "1802"]
[PlyCount "64"]
[EventDate "2016.??.??"]

1. e4 c5 2. Nc3 Nc6 3. f4 g6 4. Nf3 Bg7 5. Bb5 Nd4 6. O-O Nxb5 7. Nxb5 d5
8. exd5 Nf6 9. c4 O-O 10. d3 e6 11. dxe6 Bxe6 12. Qb3 Ng4 13. h3 a6 14. hxg4
axb5 15. Be3 bxc4 16. dxc4 Qc7 17. g5 Ra6 18. Qc2 Bf5 19. Qf2 b6 20. Kh2 Ra4
21. b3 Bxa1 22. Rxa1 Ra7 23. Bd2 h5 24. gxh6 f6 25. Nh4 Qd7 26. Be3 Re8 27. g4
Be4 28. f5 g5 29. Ng6 Qd6+ 30. Kg1 Rh7 31. Nh4 Rxh6 32. Nf3 Bxf3 0-1